000 00657nam a2200241 i 4500
001 C2-0062037
003 PPAK
005 20190630222110.0
008 970302s1985 enk|||| ||||| | ||eng d
020 _a0004102207
040 _aPPAK
_beng
_cPPAK
_erda
082 0 4 _a636.93234
_223
090 0 0 _a636.93234
_bHEA
_dG
100 1 _aHearne, Tina,
_eauthor
245 1 0 _aCare for your guinea pig
264 1 _aLondon :
_bWilliam Harper Collins ,
_c1985
300 _a32 pages :
_bcolour illustrations ;
_c22 cm
336 _2rdacontent
_atext
337 _2rdamedia
_aunmediated
338 _2rdacarrier
_avolume
650 1 0 _aGuinea pigs
942 _ddc
_cB
999 _c7186
_d7186